Welcome to the Holygrace Academy Library

Please use search bar below to get started

CHARLOTTE'S WEB (Record no. 4047)

MARC details
000 -LEADER
fixed length control field 00311nam a22001337a 4500
020 ## - INTERNATIONAL STANDARD BOOK NUMBER
ISBN 0-06-440055-7
082 ## - DEWEY DECIMAL CLASSIFICATION NUMBER
Classification number 823
Item number WHI/C
100 ## - MAIN ENTRY--AUTHOR NAME
Personal name WHITE, E B
245 ## - TITLE STATEMENT
Title CHARLOTTE'S WEB
260 ## - PUBLICATION, DISTRIBUTION, ETC. (IMPRINT)
Place of publication UNITED KINGDOM
Name of publisher HARPER AND ROW PUBLISHERS
Year of publication 1980
300 ## - PHYSICAL DESCRIPTION
Number of Pages 184
650 ## - SUBJECT ADDED ENTRY--TOPICAL TERM
Topical Term NOVEL
Geographic subdivision UNITED KINGDOM
942 ## - ADDED ENTRY ELEMENTS (KOHA)
Koha item type Books
Holdings
Withdrawn status Lost status Collection code Home library Current library Shelving location Date acquired Source of acquisition Full call number Accession Number Koha item type
    Fiction Main Library Main Library   17/10/2011 purchase 823 WHI/C 05642 Books